Clinton: Konečně něco dělat! Americký prezident má mnoho plánů se sanací státního rozpočtu.

Hospodársky program prezidenta USA B. Clintona. Ekonomická koncepcia stavia na nutnosti efektívnych investícií. Systém opatrení hospodárskej politiky rozdelený do dvoch etáp. V prvej etape krátkodobé investičné opatrenia, administratívne akty a úspory štátnych výdajov. V druhej etape výdaje na dlhod...

Descrizione completa

Salvato in:
Dettagli Bibliografici
Autore principale: Kořen, J.
Natura: Capitolo di libro
Lingua:ceco
Soggetti:
Tags: Aggiungi Tag
Nessun Tag, puoi essere il primo ad aggiungerne!!

MARC

LEADER 00000naa a2200000 4500
001 r012994
005 20221213081123.4
041 0 |a cze 
044 |a CZ 
245 1 0 |a Clinton: Konečně něco dělat!  |b Americký prezident má mnoho plánů se sanací státního rozpočtu.  |c J. Kořen 
520 |a Hospodársky program prezidenta USA B. Clintona. Ekonomická koncepcia stavia na nutnosti efektívnych investícií. Systém opatrení hospodárskej politiky rozdelený do dvoch etáp. V prvej etape krátkodobé investičné opatrenia, administratívne akty a úspory štátnych výdajov. V druhej etape výdaje na dlhodobé programy na modernizáciu infraštruktúry a zmenu zdravotného programu na systém Medicare a Medicaid a i. Názory a ohlasy politikov a jednotlivých lobby na uskutočňovanie hospodárskej politiky. 
610 2 0 |a politika hospodárska 
610 2 0 |a USA 
610 2 0 |a Clinton, W.J. 
610 2 0 |a rozpočet štátny 
610 2 0 |a výdavky rozpočtu štátneho 
100 1 |a Kořen, J.